00293nam a2200109Ia 4500008004100000041000800041082001800049100003600067245004600103260002700149365000700176230303s9999 xx 000 0 und d aeng a621.38215 LIN aLin (Yi-Bing) & Lin (Yi-Bing) & aWireless and mobile Network Architectures aNEW DELHIbWiley India cRS